| 000 | 01280nam0a22002891 4500 | ||
|---|---|---|---|
| 001 | RU\INFOCOMM_322\NLR\5000102707 | ||
| 005 | 20250614080021.0 | ||
| 035 | _a(NLR Aleph) 010590579 | ||
| 090 |
_a10501185 _c10501185 |
||
| 100 | _a20121212d1971 |||y0rusy50 ca | ||
| 101 | 0 | _ager | |
| 102 | _aRU | ||
| 105 | _ay z|||| | ||
| 200 | 1 |
_aDirektiven des XXIV. Parteitags der KPdSU zum Fünfjahrplan für die Entwicklung der Volkswirtschaft der UdSSR in der Jahren 1971-1975 _fReferent: A. N. Kossygin, Vorsitzender des Ministerrats der UdSSR. 6. Apr. 1971 |
|
| 210 |
_aM. _cAPN-Verl. _d1971 |
||
| 215 |
_a80 с. _cпортр. _d20 см |
||
| 300 | _aВ вып. дан.: Директивы XXIV съезда КПСС по пятилетнему плану развития народного хозяйства СССР на 1971-1975 годы. Доклад Председателя Совета Министров СССР А. Н. Косыгина | ||
| 620 | _aМосква | ||
| 686 |
_aКП(1)2769 _2rubbk |
||
| 686 |
_aЭ4(1)549 _2rubbk |
||
| 700 | 1 |
_9z01790 _aKosygin _bA. N. _f1904-1980 _gAleksej Nikolaevič |
|
| 790 | 1 |
_9z01700 _aKossygin _bA. N. _4070 |
|
| 801 | 1 |
_aRU _bNLR _c20121212 |
|
| 801 | 0 |
_aRU _bINFOCOMM _gPSBO |
|
| 852 |
_aNLR _jИп31 Д-4/7 |
||
| 942 | _cBOOK | ||
| 980 | _aNB | ||